01507nam a22003494a 4500001001200000003000800012006001900020007001500039008004100054020001500095040002100110035002100131043002100152050002500173082001600198245013200214260004200346300003800388490004000426500011600466504005100582533015200633650002700785651004300812651004300855655002900898700002800927700002200955710001700977830003700994856012601031ebr10089771CaPaEBRm u cr cn|||||||||030430s2004 ne a sb 101 0 eng  z9004132864 aCaPaEBRcCaPaEBR a(OCoLC)191934771 af-ua---aa-sy---14aDT96b.M21556 2004eb04a962/.0222104aThe Mamluks in Egyptian and Syrian politics and societyh[electronic resource] /cedited by Michael Winter and Amalia Levanoni. aLeiden ;aBoston, MA :bBrill,c2004. axxii, 450 p. :bill. (some col.).1 aThe medieval Mediterranean ;vv. 51 aBased on presentations at an international conference held at the Universities of Haifa and Tel-Aviv, May 2000. aIncludes bibliographical references and index. aElectronic reproduction.bPalo Alto, Calif. :cebrary,d2013.nAvailable via World Wide Web.nAccess may be limited to ebrary affiliated libraries. 0aMamelukesvCongresses. 0aEgyptxHistoryy1250-1517vCongresses. 0aSyriaxHistoryy1260-1516vCongresses. 7aElectronic books.2local1 aWinter, Michael,d1934-1 aLevanoni, Amalia.2 aebrary, Inc. 0aMedieval Mediterranean ;vv. 51.40uhttp://site.ebrary.com/lib/rucke/Doc?id=10089771zAn electronic book accessible through the World Wide Web; click to view